Návrh a realizácia informačného systému pre marketingový výskum

Salvato in:
Dettagli Bibliografici
Autore principale: Reznák, Tomáš (Autore)
Altri autori: Iringová, Miriam (Relatore della tesi)
Natura: Manoscritto Libro
Lingua:slovacco
Pubblicazione: 2018
Soggetti:
Accesso online:http://is.stuba.sk/zp/portal_zp.pl?podrobnosti=138509
Tags: Aggiungi Tag
Nessun Tag, puoi essere il primo ad aggiungerne!!

MARC

LEADER 00000ntm a22000003a 4500
001 stuzp67394
003 SK-STU
005 20180820154555.9
007 ta
008 150427s2015----xo-----f-mn---000-0-slo-d
040 |a STU  |b slo 
041 0 |a slo 
100 1 |a Reznák, Tomáš  |u 066000  |4 aut  |U MTF Materiálovotechnologická fakulta  |T MTF Ústav aplikovanej informatiky, automatizácie a mechatroniky  |X 71478  |U M6000  |Y 86  |7 71478 
242 0 1 |a Design and implementation of an information system for marketing research  |y eng 
245 1 0 |a Návrh a realizácia informačného systému pre marketingový výskum 
260 |c 2018 
650 4 |a web application  |2 eng 
650 4 |a information system  |2 eng 
650 4 |a UML  |2 eng 
650 4 |a webová aplikácia  |2 slo 
650 4 |a informačný systém  |2 slo 
650 4 |a UML  |2 slo 
700 1 |a Iringová, Miriam  |u 066000  |k Z2  |4 ths  |U MTF Materiálovotechnologická fakulta  |T MTF Ústav aplikovanej informatiky, automatizácie a mechatroniky  |X 1482  |U M6000  |Y 86  |7 A000001482 
856 4 |u http://is.stuba.sk/zp/portal_zp.pl?podrobnosti=138509 
996 |c M* DP-13627  |l MMSKP  |s P  |a 0  |w stuzp67394_0001